000 00854nam a2200253 a 4500
999 _c2243
_d2243
008 200227s2015 ii a|||| m|||a00| 0 eng d
040 _aKO
_beng
041 0 _aeng
044 _aii
082 0 4 _223
_a378.242
_bPRM1318
100 1 _aKumar, Vishnu S
_eResearcher
245 1 2 _aA study on Import-Export Documentation and Procedure: A Discourse Analysis /
_cVishnu S Kumar ; Guide Dr. V. Nagaraj
260 _aKochi :
_bIndian Maritime University,
_c2015
300 _aiv , 54 p. :
_bill. ;
_c29 cm.
490 0 _aMBA Project 2013-15 ;
_v13500082018
502 _aProject (MBA)–Indian Maritime University. School of Maritime Management, 2015.
650 0 _aTrading companies
650 0 _aDocumentation
655 7 _2lcsh
_aDissertations, Academic
_y2015
700 1 _aV., Nagaraj
_cDr.
_eGuide
904 _aReshma_R
942 _cTH